Statistiques concernant Pays participants à la Coupe du Monde de football

Cliquez ici pour prendre le quiz!

Statistiques générales

  • Ce quiz a été pris 369 fois
  • Le résultat moyen est 63 sur 80

Statistiques - réponses

Nombre de participationsMeilleure performancePays% Correct
14VainqueurEspagne
98%
18Vainqueur (4 fois)Allemagne
98%
14VainqueurFrance
98%
18Vainqueur (4 fois)Italie
98%
20Vainqueur (5 fois)Brésil
98%
16Vainqueur (2 fois)Argentine
96%
48e de finaleAlgérie
96%
12VainqueurUruguay
95%
15Quart de finaleMexique
95%
31er tourRussie
95%
14VainqueurAngleterre
94%
58e de finaleJapon
94%
6TroisièmePortugal
94%
9QuatrièmeCorée du Sud
93%
31er tourAfrique du Sud
93%
11FinalisteSuède
93%
10FinalistePays-Bas
93%
10TroisièmeEtats-Unis
92%
48e de finaleMaroc
92%
5Quart de finaleColombie
91%
12QuatrièmeBelgique
91%
48e de finaleAustralie
91%
8Quart de finaleParaguay
90%
11er tourChine
90%
10Quart de finaleSuisse
90%
4Quart de finaleDanemark
90%
21er tourEgypte
90%
38e de finaleNorvège
88%
3Quart de finaleIrlande
88%
11er tourCanada
88%
41er tourTunisie
87%
41er tourIran
87%
4TroisièmeCroatie
87%
9TroisièmeChili
87%
4Quart de finalePérou
85%
9FinalisteHongrie
83%
7TroisièmePologne
83%
7Quart de finaleCameroun
83%
21er tourNouvelle-Zélande
83%
2TroisièmeTurquie
82%
48e de finaleArabie saoudite
82%
7TroisièmeAutriche
82%
1Quart de finaleSénégal
82%
2Quart de finaleCorée du Nord
82%
38e de finaleEquateur
82%
38e de finaleGrèce
82%
11er tourSerbie
80%
31er tourHonduras
80%
7Quart de finaleRoumanie
78%
31er tourCôte d'Ivoire
78%
18e de finaleSlovaquie
78%
4Quart de finaleCosta Rica
77%
31er tourBolivie
77%
3Quart de finaleGhana
77%
81er tourEcosse
76%
1Quart de finaleUkraine
75%
58e de finaleNigeria
75%
11er tourIrak
74%
7QuatrièmeBulgarie
74%
21er tourSlovénie
73%
11er tourRépublique Tchèque
73%
8*QuatrièmeYougoslavie
73%
7*QuatrièmeUnion soviétique
72%
11er tourBosnie-Herzégovine
66%
1Quart de finalePays de Galles
65%
3Quart de finaleIrlande du Nord
65%
8*FinalisteTchécoslovaquie
65%
11er tourTogo
63%
11er tourAngola
62%
11er tourJamaïque
62%
1Quart de finaleCuba
61%
11er tourIsraël
58%
11er tourIndonésie
45%
11er tourKoweït
45%
1*1er tourZaïre
43%
11er tourHaïti
43%
21er tourSalvador
39%
11er tourTrinité-et-Tobago
38%
11er tourEmirats arabes unis
31%
2*8e de finaleSerbie-et-Monténégro
21%

Distribution des résultats

Percentile par nombre de réponses

% des personnes avec chaque résultat

Votre développement - résultats

Vous n’avez pas pris ce quiz